Outlaw Motorcycle Gangs as Organized Crime Groups /

Guardado en:
Bibliografiske detaljer
Hovedforfatter: Barker, Thomas (autor)
Format: Bog
Sprog:engelsk
Udgivet: Cham, Suiza : Springer, 2014, c2014
Serier:(Springer Briefs in Criminology)
Fag:
Online adgang:Ver documento en línea
Tags: Tilføj Tag
Ingen Tags, Vær først til at tagge denne postø!

MARC

LEADER 00000nam^a2200000^a^4500
001 000420242
005 20251023000000.0
009 20260310122505.973
020 |a 978-3-319-07431-3 
037 |a Acervo ITESO - Biblioteca 
041 |a ING 
082 |a 364. 1060973  |b BAR 
100 |a Barker, Thomas  |e (autor) 
245 1 0 |a Outlaw Motorcycle Gangs as Organized Crime Groups /  |c T. Barker. 
264 4 |a Cham, Suiza :  |b Springer,  |c 2014, c2014 
264 2 |a Cham, Suiza :  |b Springer Link [distribución],  |c 2014 
300 |a 1 libro electrónico en línea (VI, 58 p.) 
300 |a 1 recurso en línea 
336 |a datos para computadora  |b cod  |2 rdacontenido 
337 |a computadora  |b c  |2 rdamedio 
338 |a recurso en línea  |b cr  |2 rdasoporte 
440 1 |a (Springer Briefs in Criminology) 
506 0 |a Licencias ilimitadas 
649 |a XX 
650 |a Clubes Deportivos -  |z EUA 
650 |a Bikers -  |z EUA -  |x Tema Principal 
650 |a Delincuentes -  |z EUA 
650 |a Delincuencia -  |z EUA -  |x Tema Principal 
650 |a Crimen Organizado -  |z EUA -  |x Tema Principal 
650 |a Delitos Internacionales -  |z América del Norte 
650 |a Delitos -  |z EUA 
650 |a Delitos -  |z América del Norte 
650 |a Problemas Sociales -  |z EUA 
650 |a Criminología 
856 4 0 |u https://link-springer-com.ezproxy.iteso.mx/10.1007/978-3-319-07431-3  |y Ver documento en línea 
910 |a Fondo General 
920 |a Electrónicos - Libros en Línea 
930 |a Plataforma Digital 
905 |a 205 
901 |a 420242-1  |b IT2  |c EBO  |i C172346  |u 20250521 
902 |a https://opac.biblio.iteso.mx/vufind/Record/000420242